O budúcnosti jadra
Tretie Európske jadrové fórum v Bratislave hľadalo energetické východiská Európy, ale aj Slovenska. Význam jadrovej energetiky nielen pre Slovensko, ale aj krajiny Európskej únie (z príhovoru premiére Róberta Fica). Rozhodnutie slovenskej vlády o dostavbe tretieho a štvrtého bloku Mochoviec. Bezpečn...
Gespeichert in:
| 1. Verfasser: | |
|---|---|
| Format: | Buchkapitel |
| Sprache: | Slowakisch |
| Schlagworte: | |
| Tags: |
Keine Tags, Fügen Sie das erste Tag hinzu!
|
MARC
| LEADER | 00000naa$a2200000$$$4500 | ||
|---|---|---|---|
| 001 | 0088104 | ||
| 005 | 20231009111020.2 | ||
| 041 | 0 | |a slo | |
| 044 | |a SK | ||
| 245 | 1 | 0 | |a O budúcnosti jadra |c Jozef Hübel |
| 520 | |a Tretie Európske jadrové fórum v Bratislave hľadalo energetické východiská Európy, ale aj Slovenska. Význam jadrovej energetiky nielen pre Slovensko, ale aj krajiny Európskej únie (z príhovoru premiére Róberta Fica). Rozhodnutie slovenskej vlády o dostavbe tretieho a štvrtého bloku Mochoviec. Bezpečnostné požiadavky pre jadrové elektrárne. | ||
| 610 | 2 | 0 | |a energetika |
| 610 | 2 | 0 | |a energia atómová |
| 610 | 2 | 0 | |a elektrárne atómové |
| 610 | 2 | 0 | |a bezpečnosť jadrová |
| 610 | 2 | 0 | |a Slovensko |
| 610 | 2 | 0 | |a Európska únia |
| 100 | 1 | |a Hübel, Jozef | |